Guess all active U.S. Military Aircraft- US Navy - Statistics

General Stats
  • This quiz has been taken 41 times
  • The average score is 12 of 23
Answer Stats
Hint Answer % Correct
F-35C Lightning II
100%
F/A-18E/F Super Hornet
94%
F-16 Fighting Falcon
84%
EA-18G Growler
84%
C-130T Hercules
74%
E-2C/D Hawkeye
71%
CMV-22 Osprey
71%
P-8A Poseidon
71%
P-3C Orion
68%
MH-60 Seahawk
65%
T-6 Texan
61%
C-2A Greyhound
58%
F-5F/N Tiger II
58%
T-45C Goshawk
48%
RQ-21A Blackjack
29%
MQ-8B Fire Scout
29%
UC-12 Huron
26%
E-6B Mercury
26%
MQ-4C Triton
26%
EP-3A ARIES II
19%
C-26D Metroliner
19%
MH-53E Sea Dragon
16%
TH-57B/C Sea Ranger
10%
No matching quizzes found
Score Distribution
Percent of People with Each Score
Percentile by Number Answered
Your Score History
You have not taken this quiz